| 000 | 01154ngm a2200205 a 4500 | ||
|---|---|---|---|
| 005 | 20210223125623.0 | ||
| 008 | 050418s2003 mx 060 aaspa d | ||
| 035 | _aUPN01000138113 | ||
| 049 | _aAV | ||
| 050 | 4 | _aDVD JK 17 | |
| 245 | 0 | 4 |
_aLos secretos de la CIA : _bagencia central de inteligencia. |
| 260 |
_a[E.U.A.] : _bThe history channel : _bA & E home video, _cc2003. |
||
| 300 |
_a1 DVD (60 min.) : _bson. col. ; _c4 3/4 plg. |
||
| 500 | _a"El material incluye : entrevistas en inglés subtituladas al español" | ||
| 520 | _aDescubra como actualmente la CIA trabaja en contra de conflictos bélicos, armamento, destrucción masiva, narcotráfico y el crimen organizado. La CIA desde sus inicios hasta la compleja organización que es hoy, es responsable de recoger y analizar la información global recolectada por las operaciones más sofisticadas. Vea la dramática cantidad de documentos recientemente clasificados que revelan el funcionamiento interno de ésta agencia | ||
| 610 | 1 | 4 |
_aESTADOS UNIDOS. _bCENTRAL INTELLIGENCE AGENCY _912895 |
| 650 | 4 |
_aSERVICIO DE INTELIGENCIA _926712 |
|
| 650 | 4 |
_aESPIONAJE _9178 |
|
| 905 | _aElectrónico | ||
| 999 |
_c110261 _d110261 |
||